| 000 | 00944cad a22002295a 4500 | ||
|---|---|---|---|
| 001 | L152756 | ||
| 008 | 110419s20110418 d f s 000 0 eng u | ||
| 035 | _a(Sirsi) u152756 | ||
| 041 | 0 | _aeng | |
| 050 | _a333.33 $2 18 | ||
| 110 | 2 | _aRightmove | |
| 245 | 0 | 0 |
_aBiggest jump in unsold stock since 2007 _h[electronic resource] |
| 260 |
_aLondon _bRightmove _c2011 |
||
| 490 | 0 | 0 |
_aRightmove House Price Index _vApril 2011 |
| 520 | _aAverage national price up by 1.7% on the February 2011 figure. Year on year growth is 0.1%. Property supply outstripping demand. London remains the exception as buyer demand pushes asking prices. | ||
| 590 | _aKA | ||
| 650 | 2 | 4 | _aRIGHTMOVE HOUSE PRICE INDEX |
| 651 | 4 |
_aUnited Kingdom _y |
|
| 690 | _aPROPERTY-RESIDENTIAL PROPERTY-RESIDENTIAL PROPERTY MARKET | ||
| 856 | 4 | 0 |
_uhttps://www.rightmove.co.uk/news/files/2011/04/april-2011.pdf _zView the item free of charge at www.rightmove.co.uk |
| 942 | _n0 | ||
| 999 |
_c112203 _d112203 |
||